The Rise of Euroskepticism : Europe and Its Critics in Spanish Culture /

"This book deals with the role that artists and intellectuals have had regarding projects of European integration. Taking Spain as a case study, the book analyzes how their works offer nuanced and engaging perspectives on the emotions generated by the ideal of a unified Europe and its most reco...

Full description

Bibliographic Details
Main Author: Martín-Estudillo, Luis (Author)
Corporate Author: JSTOR (Organization)
Format: eBook
Language:English
Published: Nashville : Vanderbilt University Press, [2017]
Subjects:
Online Access:Connect to the full text of this electronic book

MARC

Tag First Indicator Second Indicator Subfields
LEADER 00000cam a2200000Ma 4500
001 in00004635312
006 m o d
007 cr |||||||nn|n
008 171114s2017 tnu ob 001 0 eng d
005 20230103223432.7
035 |a (OCoLC)on1029822986 
040 |a P@U  |b eng  |e pn  |c P@U  |d OCLCO  |d N$T  |d UAB  |d OCLCF  |d OCLCQ  |d OCLCO  |d OCLCA  |d YDX  |d OCLCQ  |d OCLCO  |d BRX  |d OCLCQ  |d OCLCO  |d JSTOR  |d OCLCO  |d GZM  |d OCLCO 
019 |a 1084492626 
020 |a 9780826521965  |q (electronic bk.) 
020 |a 0826521967  |q (electronic bk.) 
020 |z 9780826521941  |q (cloth ;  |q alk. paper) 
035 |a (OCoLC)1029822986  |z (OCoLC)1084492626 
037 |a 22573/ctv1644q72  |b JSTOR 
043 |a e------  |a e-sp--- 
050 4 |a HC240.25.S7  |b M37 2017 
072 7 |a LAW  |x 051000  |2 bisacsh 
072 7 |a POL  |x 058000  |2 bisacsh 
072 7 |a LIT  |x 004280  |2 bisacsh 
072 7 |a HIS  |x 045000  |2 bisacsh 
082 0 4 |a 341.242/20946  |2 23 
049 |a TXAM 
100 1 |a Martín-Estudillo, Luis,  |e author. 
245 1 4 |a The Rise of Euroskepticism :  |b Europe and Its Critics in Spanish Culture /  |c Luis Martín-Estudillo. 
264 1 |a Nashville :  |b Vanderbilt University Press,  |c [2017] 
300 |a 1 online resource 
336 |a text  |b txt  |2 rdacontent 
337 |a computer  |b c  |2 rdamedia 
338 |a online resource  |b cr  |2 rdacarrier 
504 |a Includes bibliographical references and index. 
505 0 |a The location of dissent: Spanish exiles and the European cataclysm -- Sense and sensuousness: approaching Europe under Franco's dictatorship -- Unanimity in question -- On the move in a static Europe -- The great recession and the surge of Euroskepticism: a pigs' tale. 
520 |a "This book deals with the role that artists and intellectuals have had regarding projects of European integration. Taking Spain as a case study, the book analyzes how their works offer nuanced and engaging perspectives on the emotions generated by the ideal of a unified Europe and its most recognizable embodiment, the European Union (EU). The sustained scrutiny of the ever-evolving idea of Europe by artists and intellectuals has helped to pave the way for the current widespread protests against the EU. Consciously or not, they partake of a tradition of Euroskepticism. In the book, Euroskepticism designates a constellation of attitudes and arguments that have developed in reaction to pan- and pro-European movements. Its evolving features are conditioned by culture and formed in discourse. Because Euroskepticism is often associated exclusively with the discourse of political elites, its literary and artistic expressions have gone largely unnoticed, because their complex contributions escape academic approaches that prioritize other types of data. The book addresses this gap in the scholarship by examining closely a variety of Euroskeptic texts from a diachronic perspective, covering roughly from 1915 to the present. Knowing about this eclipsed critical tradition contributes to a deeper understanding of the notion of Europe and its institutional embodiments. It gives resonance to the intellectual and cultural history of Europe's "peripheries" and re-evaluates Euroskeptic contributions as one of the few hopes left to imagine ways to renew the promise of a union of the European nations"--  |c Provided by publisher. 
588 0 |a Print version record. 
610 2 0 |a European Union  |z Spain  |x Public opinion. 
610 2 7 |a European Union.  |2 fast  |0 (OCoLC)fst00916630 
650 0 |a Intellectuals  |z Spain  |x Political and social views. 
650 0 |a Artists  |z Spain  |x Political and social views. 
650 6 |a Intellectuels  |z Espagne  |x Pensée politique et sociale. 
650 6 |a Artistes  |z Espagne  |x Pensée politique et sociale. 
650 7 |a LAW  |x International.  |2 bisacsh 
650 7 |a POLITICAL SCIENCE / World / European  |2 bisacsh 
650 7 |a Artists  |x Political and social views.  |2 fast  |0 (OCoLC)fst00817607 
650 7 |a Intellectuals  |x Political and social views.  |2 fast  |0 (OCoLC)fst00975815 
650 7 |a Public opinion.  |2 fast  |0 (OCoLC)fst01082785 
651 7 |a Spain.  |2 fast  |0 (OCoLC)fst01204303 
655 7 |a Electronic books.  |2 local 
710 2 |a JSTOR (Organization) 
776 0 8 |i Print version:  |a Martín-Estudillo, Luis.  |t Rise of Euroskepticism.  |d Nashville : Vanderbilt University Press, [2017]  |w (DLC) 2017017088 
856 4 0 |u https://www.jstor.org/stable/10.2307/j.ctv1675bt7  |z Connect to the full text of this electronic book  |t 0 
955 |a JSTOR Open Access ebooks 
994 |a 92  |b TXA 
999 f f |s 5f6b7c08-0a25-4f82-a644-4cbc85012564  |i 438c145c-a3c9-41fc-8295-ff1d46080d05  |t 0 
952 f f |a Texas A&M University  |b College Station  |c Electronic Resources  |d Available Online  |t 0  |e HC240.25.S7 M37 2017  |h Library of Congress classification 
998 f f |a HC240.25.S7 M37 2017  |t 0  |l Available Online